| 000 | 00668nam a2200181 i 4500 | ||
|---|---|---|---|
| 001 | 164250 | ||
| 003 | ES-MaACL | ||
| 005 | 20250907063127.0 | ||
| 008 | 050728s1858 fr |||| | fre d | ||
| 100 | 1 |
_aSilvestre de Sacy, Samuel Ustazade, _d1801-1879 _9132263 |
|
| 245 | 1 | 0 |
_aVariétés littéraires, morales et historiques / _cpar S. de Sacy. |
| 260 |
_aParis : _bDidier et C., _c1858 ( _fImp. chez Bonaventure et Ducessois) |
||
| 300 |
_a2 v. (LVI, 480; 685 p.) ; _c22 cm. |
||
| 650 | 4 |
_aLiteratura francesa- _xHistoria y crítica _914586 |
|
| 651 | 4 |
_aFrancia- _xHistoria _98679 |
|
| 852 |
_aES-MaACL _jG-8330-31 _z- Enc. hol. |
||
| 999 |
_c164250 _d164250 |
||